A legfőbb szempont az értéktisztelet Interjú Vörös Lászlóval, a Tiszatáj szerkesztőségének elnökével
Elmentve itt :
| Dokumentumtípus: | Cikk |
|---|---|
| Megjelent: |
1992-12-05
|
| Sorozat: | Délmagyarország
82 No. 286 |
| Kulcsszavak: | Vörös László, Tiszatáj |
| Online Access: | http://dmarchiv.bibl.u-szeged.hu/101608 |
| LEADER | 00502nab a2200145 i 4500 | ||
|---|---|---|---|
| 001 | delm101608 | ||
| 005 | 20191001090629.0 | ||
| 008 | 191001s1992 hu o 0|| hun d | ||
| 040 | |a SZTE Délmagyarország Archívum |b hun | ||
| 041 | |a hun | ||
| 245 | 0 | 2 | |a A legfőbb szempont az értéktisztelet |h [elektronikus dokumentum] : |b Interjú Vörös Lászlóval, a Tiszatáj szerkesztőségének elnökével |
| 260 | |c 1992-12-05 | ||
| 300 | |a 5 | ||
| 490 | 0 | |a Délmagyarország |v 82 No. 286 | |
| 695 | |a Vörös László, Tiszatáj | ||